The year in review: UN peace operations in 2001 (Record no. 83340)

MARC details
000 -LEADER
fixed length control field 01195nam a2200205 a 4500
008 - FIXED-LENGTH DATA ELEMENTS--GENERAL INFORMATION
fixed length control field 090126s2001 ||||||||||||||||| || u
050 ## - LIBRARY OF CONGRESS CALL NUMBER
Classification number UNO(01)
110 ## - MAIN ENTRY--CORPORATE NAME
Corporate name or jurisdiction name as entry element United Nations Economic and Social Affairs (UNESA)
245 14 - TITLE STATEMENT
Title The year in review: UN peace operations in 2001
Statement of responsibility, etc. By United Nations
260 ## - PUBLICATION, DISTRIBUTION, ETC.
Place of publication, distribution, etc. New York
Name of publisher, distributor, etc. UNITED NATIONS
Date of publication, distribution, etc. 2001
350 ## -
-- 0.00
650 ## - SUBJECT ADDED ENTRY--TOPICAL TERM
Topical term or geographic name entry element PEACE MOVEMENTS--SUDAN
650 ## - SUBJECT ADDED ENTRY--TOPICAL TERM
Topical term or geographic name entry element UNITED NATIONS--PEACEKEEPING FORCES--AFRICA
650 ## - SUBJECT ADDED ENTRY--TOPICAL TERM
Topical term or geographic name entry element UN PEACE MOVEMENTS--SIERRA LEONE
650 #0 - SUBJECT ADDED ENTRY--TOPICAL TERM
Topical term or geographic name entry element PEACE
995 ## -
-- SPECIAL COLLECTIONS
-- 0.00
-- 03003443
-- CBU-MAIN LIBRARY (Kitwe)
-- 1
-- 0.00
-- UNO(01)2001/D
-- 4
-- AVAILABLE
-- Jan 26, 2009
-- 03003443
-- International Publications
995 ## -
-- SPECIAL COLLECTIONS
-- 0.00
-- 03003440
-- CBU-MAIN LIBRARY (Kitwe)
-- 1
-- 0.00
-- UNO(01)2001/A
-- 1
-- AVAILABLE
-- Jan 26, 2009
-- Z03003440
-- International Publications
995 ## -
-- SPECIAL COLLECTIONS
-- 0.00
-- 03003441
-- CBU-MAIN LIBRARY (Kitwe)
-- 1
-- 0.00
-- UNO(01)2001/B
-- 2
-- AVAILABLE
-- Jan 26, 2009
-- Z03003441
-- International Publications
995 ## -
-- SPECIAL COLLECTIONS
-- 0.00
-- 03003442
-- CBU-MAIN LIBRARY (Kitwe)
-- 1
-- 0.00
-- UNO(01)2001/C
-- 3
-- AVAILABLE
-- Jan 26, 2009
-- Z03003442
-- International Publications
999 ## -
-- 83340
-- 83340
Holdings
Withdrawn status Lost status Source of classification or shelving scheme Damaged status Not for loan Permanent Location Current Location Shelving location Date acquired Total Checkouts Full call number Barcode Date last seen Copy number Price effective from Koha item type
          CBU-MAIN LIBRARY, KITWE. CBU-MAIN LIBRARY, KITWE.   10/30/2023   UNO(01)2001/D 03003443 10/30/2023 1 10/30/2023 SPECIAL COLLECTION
          CBU-MAIN LIBRARY, KITWE. CBU-MAIN LIBRARY, KITWE.   10/30/2023   UNO(01)2001/D Z03003440 10/30/2023 2 10/30/2023 SPECIAL COLLECTION
          CBU-MAIN LIBRARY, KITWE. CBU-MAIN LIBRARY, KITWE.   10/30/2023   UNO(01)2001/D Z03003441 10/30/2023 3 10/30/2023 SPECIAL COLLECTION
          CBU-MAIN LIBRARY, KITWE. CBU-MAIN LIBRARY, KITWE.   10/30/2023   UNO(01)2001/D Z03003442 10/30/2023 4 10/30/2023 SPECIAL COLLECTION